000 00393pam a2200157a 44500
008 230405s1990 xxu||||| |||| 00| 0 eng d
041 _aENG
100 _aSaxena B. S.
245 _aFundamentals of Solid state Physics
250 _a10 Ed.
260 _aMeerut
_bPragati Prakashan
_c1990
300 _a178p.
690 _aSR.COLLEGE REGULAR GRANT
700 _aGupta R. C.
906 _a561
999 _c291904
_d291904